Green Lanterns - Statistics

General Stats
  • This quiz has been taken 87 times
  • The average score is 9 of 12
Answer Stats
Picture Answer % Correct
Hal Jordan
100%
Guy Gardner
93%
Sinestro
89%
John Stewart
88%
Kyle Rayner
84%
Kilowog
78%
Alan Scott
77%
Jessica Cruz
77%
Simon Baz
62%
Abin Sur
59%
Sojourner Mullein
25%
Jade
23%
No matching quizzes found
Score Distribution
Percent of People with Each Score
Percentile by Number Answered
Your Score History
You have not taken this quiz